| 000 | 00620nam a2200217Ia 4500 | ||
|---|---|---|---|
| 005 | 20250108124910.0 | ||
| 008 | 008 250107s9999 xx 000 0 eng d | ||
| 020 | _a81-85706-76-X | ||
| 037 | _aTB | ||
| 040 |
_aCRL _beng _cCRL |
||
| 041 |
_aeng _2eng |
||
| 084 | _aD65,8(B) R2 | ||
| 084 | _qCRL | ||
| 245 | 0 | _aCrossing boundaries, erasing margins: interdisciplinary, collaborative, innovation projects 2012-2013 | |
| 260 |
_aDelhi, India _bJesus & Mary College _c2596 |
||
| 300 | _a123p. | ||
| 365 |
_aINR _b250 |
||
| 650 | _aEDUCATION | ||
| 942 |
_cTB _hD65,8(B) R2 |
||
| 999 |
_c1234984 _d1234984 |
||